000 01423nam2a22002651 4500
001 RU\NLR\INFOCOMM10\5000022500
005 20250617014019.0
035 _a(NLR Aleph) 002351513
090 _a4513970
_c4513970
100 _a20041120d1911 |||y0rusy50 ca
101 0 _arus
102 _aRU
105 _ay ||||000|y
200 1 _aО повальной болезни кур, распространившейся в России в 1909-1910 годах
_fМ.Г. Тартаковский
210 _d1911
_aБ. м.
461 0 _1001RU\NLR\INFOCOMM10\5000022320
_12001#$aТруды Сельскохозяйственно-бактириологической лаборатории$fГлав. упр. землеустройства и земледелия. Деп. земледелия$vТ.3, №9
_94512976
_aСельскохозяйственно-бактериологическая лаборатория (Петербург)
_cСПб.
_d1909-1918
_fГлав. упр. землеустройства и земледелия. Деп. земледелия
_tТруды Сельскохозяйственно-бактириологической лаборатории
_vТ.3, №9
700 1 _aТартаковский
_bМ.Г.
_4070
801 1 _aRU
_bInfoComm
_c20041120
801 0 _aRU
_bNLR
_gPSBO
852 _aNLR
_j37.29.8.32
852 _aNLR
_j127/120
942 _cISSUE
980 _aNB
980 _aRUSPER